000 01022nam a2200289 4500
001 16212
003 ES-MaACL
005 20250822042254.0
007 t|
008 000711s1979 sp ||||0| spa j
016 7 _z05415193
020 _a84-323-0340-2
040 _aIBH
_bspa
_cM-BN-DP
080 _a141.82:159.964.2
100 1 _aSchneider, Michael.
_9104571
245 1 0 _aNeurosis y lucha de clases
_b: crítica materialista del psicoanálisis para constituirlo en fuerza liberadora /
_cpor Michael Schneider ; [traducción del alemán Vicente Romano García].
250 _a1ª ed. en castellano.
260 _aMadrid [etc.] :
_bSiglo Veintiuno de España [etc.],
_c1979.
300 _aVII, 380 p. ;
_c21 cm.
490 1 _aPsicología y etología
650 1 4 _aMarxismo y psicoanálisis.
_914810
700 1 _aRomano, Vicente.
_999259
830 0 0 _aPsicología y etología (Siglo XXI)
_9179901
852 _aES-MaACL
_jL-23409
_bR.128386
999 _c16212
_d16212